Problém v simultánnom tlmočení a subjektívne faktory ovplyvňujúce jeho riešenie

Problém z perspektívy kognitívnej psychológie, translatológie a simultánneho tlmočenia. Subjektívne faktory ovplyvňujúce tlmočníkov prístup k riešeniu problémov v procese simultánneho tlmočenia. Translatologická kompetencia. Pamäť a kreativita.

Guardado en:
Detalles Bibliográficos
Autor principal: Bittnerová, Zuzana, 1986-
Formato: Capítulo de libro
Lenguaje:eslovaco
Materias:
Etiquetas: Agregar Etiqueta
Sin Etiquetas, Sea el primero en etiquetar este registro!

MARC

LEADER 00000naa$a2200000$$$4500
001 0212232
005 20240502073534.7
041 0 |a slo 
044 |a SK 
245 1 0 |a Problém v simultánnom tlmočení a subjektívne faktory ovplyvňujúce jeho riešenie  |c Zuzana Bittnerová 
520 |a Problém z perspektívy kognitívnej psychológie, translatológie a simultánneho tlmočenia. Subjektívne faktory ovplyvňujúce tlmočníkov prístup k riešeniu problémov v procese simultánneho tlmočenia. Translatologická kompetencia. Pamäť a kreativita. 
610 2 0 |a jazyky cudzie 
610 2 0 |a jazykoveda 
610 2 0 |a kompetencie 
610 2 0 |a tlmočníci 
610 2 0 |a tlmočníctvo 
610 2 0 |a kreativita 
610 2 0 |a vedomosti 
100 1 |a Bittnerová, Zuzana, 1986-